000 00354nam a2200133Ia 4500
008 220216s9999 xx 000 0 und d
100 _aLalithambika J.
245 0 _aImpressive growth in NR producing countries
260 _bRubber Asia
_c1993
300 _a71-74
650 _aRubber goods industry
650 _aRubber producing country
942 _cBS
999 _c51256
_d51256